Countries by neighbours #1 - Statistics

General Stats
  • This quiz has been taken 32 times
  • The average score is 9 of 10
Answer Stats
Hint Answer % Correct
Belize, Guatemala, United States Mexico
100%
China, Russia Mongolia
100%
Finland, Norway Sweden
100%
Argentina, Bolivia, Brazil Paraguay
94%
Brazil, Suriname, Venezuela Guyana
87%
Cambodia, China, Myanmar, Thailand, Vietnam Laos
87%
Austria, Czech Republic, Hungary, Poland, Ukraine Slovakia
87%
Afghanistan, Iran, Kazakhstan, Uzbekistan Turkmenistan
87%
Mozambique, South Africa Eswatini
84%
Benin, Burkina Faso, Ghana Togo
84%
No matching quizzes found
Score Distribution
Percent of People with Each Score
Percentile by Number Answered
Your Score History
You have not taken this quiz